00848nam a2200193 a 450000100100000000500170001000800410002704000250006808200270009310000350012024500760015526000660023130000360029759000260033365000800035965100730043995201250051299900170063700004920720250630100924.0190729s1989 dr ac 000 0 spa d aDO-SdBNPbspacBNPHU a972.93053bG887c, 19891 aGrullón, José Diego97651510aCayo confites :bla revolución traicionada /cJosé Diego Grullón. aSanto Domingo, República Dominicana :bAlfa & Omega,c1989. a149 p. :bil., retrs. ;c21 cm. aInventariado, 2019/VM 4aCayo confites (movimiento militar)zRepública DominicanaxHistoria976516 0aRepública DominicanaxHistoria yEra de Trujillo, 1930-1961978796 0010718PDaPDbPDcHDd2019-07-29iLF1l0o972.93053 G887c, 1989p49208-10r2020-06-25w2020-06-25yLFPDZNo se presta c48695d48695